000 00796cab a2200265 4500
001 ABS47649
008 090401t1992 xxu||||| |||| 00| 0 eng d
035 _a(Sirsi) u62821
041 _aeng
100 _aPettipher, M.
245 _aFlood of converts
260 _c1992
350 _a0
490 _aNew Builder
_v3 December 1992, 22(1)
520 _aA recent report by APR, GMW, Gardiner & Theobald and Cluttons examines the potential of converting offices into residential properties as an answer to the oversupply of office space.
650 _aCHANGES OF USE
650 _aCONVERSION
650 _aOFFICES
650 _aRESIDENTIAL PROPERTY
_96266
650 _aSUPPLY
690 _aPROPERTY-COMMERCIAL PROPERTY
690 _aHOUSING
942 _n0
948 _c04/03/1997
999 _c39021
_d39021